Methods of experimental physics / (Record no. 19509)

MARC details
000 -LEADER
fixed length control field 01443cam a2200301 i 4500
001 - CONTROL NUMBER
control field 18476728
003 - CONTROL NUMBER IDENTIFIER
control field EG-ScBUE
005 - DATE AND TIME OF LATEST TRANSACTION
control field 20250128091511.0
008 - FIXED-LENGTH DATA ELEMENTS--GENERAL INFORMATION
fixed length control field 150121t2015 flua f b 001 0 eng d
020 ## - INTERNATIONAL STANDARD BOOK NUMBER
International Standard Book Number 9780750306089 (hardcover : alk. paper)
040 ## - CATALOGING SOURCE
Original cataloging agency OU/DLC
Language of cataloging eng
Description conventions rda
Transcribing agency OU
Modifying agency EG-ScBUE
082 04 - DEWEY DECIMAL CLASSIFICATION NUMBER
Classification number 530.078
Item number PER
Edition number 22
100 1# - MAIN ENTRY--PERSONAL NAME
Personal name Pergament, M. I.,
Relator term author.
9 (RLIN) 38130
245 10 - TITLE STATEMENT
Title Methods of experimental physics /
Statement of responsibility, etc M. I. Pergament.
264 #1 - PUBLICATION, DISTRIBUTION, ETC. (IMPRINT)
Place of publication, distribution, etc Boca Raton :
Name of publisher, distributor, etc CRC Press / Taylor & Francis Group,
Date of publication, distribution, etc [2015]
264 #4 - PUBLICATION, DISTRIBUTION, ETC. (IMPRINT)
Date of publication, distribution, etc c2015
300 ## - PHYSICAL DESCRIPTION
Extent xiv, 347 pages :
Other physical details illustrations ;
Dimensions 27 cm.
336 ## - CONTENT TYPE
Source rdacontent
Content type term text
Content type code txt
337 ## - MEDIA TYPE
Source rdamedia
Media type term unmediated
Media type code n
338 ## - CARRIER TYPE
Source rdacarrier
Carrier type term volume
Carrier type code nc
490 0# - SERIES STATEMENT
Series statement Graduate student series in physics
504 ## - BIBLIOGRAPHY, ETC. NOTE
Bibliography, etc Includes bibliographical references and index.<br/>
505 0# - FORMATTED CONTENTS NOTE
Formatted contents note General properties of measuring-recording systems -- Studying pulse processes -- Photographic methods of experimental research and high-speed photography -- Fourier optics and Fourier spectroscopy -- Methods of spectroscopy -- Interferometry and shadowgraphy methods -- Holographic methods of research -- Electromagnetic probing -- Measurements in the X-ray region of the spectrum -- Corpuscular investigation methods -- Methods of experimental data processing.
650 #7 - SUBJECT ADDED ENTRY--TOPICAL TERM
Topical term or geographic name as entry element Physics
General subdivision Experiments
-- Methodology.
Source of heading or term BUEsh
653 ## - INDEX TERM--UNCONTROLLED
Arrived date list June2015
Resource For college Engineering, General
655 ## - INDEX TERM--GENRE/FORM
Form subdivision Reading book
942 ## - ADDED ENTRY ELEMENTS (KOHA)
Source of classification or shelving scheme Dewey Decimal Classification
Koha item type Book - Borrowing
Holdings
Withdrawn status Lost status Source of classification or shelving scheme Damaged status Not for loan Collection code Home library Current library Shelving location Date acquired Source of acquisition Total Checkouts Full call number Barcode Date last seen Koha item type
    Dewey Decimal Classification     Baccah Central Library Central Library First floor 09/06/2015     530.078 PER 000038489 15/07/2025 Book - Borrowing